000 00382nam a2200145Ia 4500
008 230917s9999||||xx |||||||||||||| ||und||
040 _e83676
_aMAIN
041 _aEnglish
082 _a813.09 C387A
100 _aChase, Richard
245 0 _aAmerican novel and its tradition
260 _aBaltimore
_bJohns Hopkins University Press
_c1957
300 _axii, 266 p.
942 _cBK
999 _c134639
_d134639